ਗੁਰੂ ਨਾਨਕ ਦੇਵ ਜੀ ਦੀਆਂ ਵਾਰਾਂ : (Record no. 110800)

MARC details
000 -LEADER
fixed length control field 01117nam a22002417a 4500
005 - DATE AND TIME OF LATEST TRANSACTION
control field 20170123164157.0
010 ## - LIBRARY OF CONGRESS CONTROL NUMBER
LC control number B-211519
020 ## - INTERNATIONAL STANDARD BOOK NUMBER
International Standard Book Number 8190402102
Terms of availability 120.00
035 ## - SYSTEM CONTROL NUMBER
System control number B-211519
037 ## - SOURCE OF ACQUISITION
Stock number Cen Lib / Ret
040 ## - CATALOGING SOURCE
Original cataloging agency DPL
Language of cataloging PN
082 ## - DEWEY DECIMAL CLASSIFICATION NUMBER
Classification number 260.2
Item number ਨਰਿੰਦ
100 ## - MAIN ENTRY--PERSONAL NAME
Personal name ਨਰਿੰਦਰ ਨਿਰਛਲ
9 (RLIN) 131677
245 ## - TITLE STATEMENT
Title ਗੁਰੂ ਨਾਨਕ ਦੇਵ ਜੀ ਦੀਆਂ ਵਾਰਾਂ :
Remainder of title ਸਰੂਪ ਅਤੇ ਵਿਸ਼ਲੇਸ਼ਣ
Statement of responsibility, etc ਨਰਿੰਦਰ ਨਿਰਛਲ : (Punjabi) /
246 ## - VARYING FORM OF TITLE
Title proper/short title Guru nanak dev ji dian varan : saroop ate vishleshan : punjabi /
Remainder of title by Narinder Nirchhal
260 ## - PUBLICATION, DISTRIBUTION, ETC. (IMPRINT)
Place of publication, distribution, etc ਪਟਿਆਲਾ
Name of publisher, distributor, etc ਗੁਰਮਤਿ ਪ੍ਰਕਾਸ਼ਨ
Date of publication, distribution, etc 2006
270 ## - ADDRESS
Address ਐਨ. ਆਈ. ਜੀ. 13, ਅਰਬਨ ਅਸਟੇਟ ਫੇਸ
City ਪਟਿਆਲਾ
300 ## - PHYSICAL DESCRIPTION
Extent 111p.
Other physical details 23cm(Hb)
650 ## - SUBJECT ADDED ENTRY--TOPICAL TERM
Topical term or geographic name as entry element ਪੰਜਾਬੀ ਸਾਹਿਤ
Form subdivision ਪੰਜਾਬੀ ਸਾਹਿਤ-ਜੀਵਨੀ
9 (RLIN) 3695
650 ## - SUBJECT ADDED ENTRY--TOPICAL TERM
Topical term or geographic name as entry element Punjabi literature
9 (RLIN) 131678
650 ## - SUBJECT ADDED ENTRY--TOPICAL TERM
Topical term or geographic name as entry element Nanak, -- Guru
9 (RLIN) 131679
942 ## - ADDED ENTRY ELEMENTS (KOHA)
Source of classification or shelving scheme Dewey Decimal Classification
Koha item type Punjabi Bks
Classification part 260.2
Call number suffix ਨਰਿੰਦ
Holdings
Withdrawn status Lost status Damaged status Not for loan Home library Current library Date acquired Source of acquisition Cost, normal purchase price Total Checkouts Full call number Barcode Date last seen Copy number Cost, replacement price Price effective from Koha item type
        Central Library Central Library 08/02/2016 Cen Lib/Ret 120.00   260.2 ਨਰਿੰਦ B-211519 08/02/2016 1 120.00 08/02/2016 Punjabi Bks

© Delhi Public Library
Hit Counter
free hit counter